<?xml version="1.0" encoding="UTF-8"?>
<record
    xmlns:xsi="http://www.w3.org/2001/XMLSchema-instance"
    xsi:schemaLocation="http://www.loc.gov/MARC21/slim http://www.loc.gov/standards/marcxml/schema/MARC21slim.xsd"
    xmlns="http://www.loc.gov/MARC21/slim">

  <leader>02139agaaa2200337   4500</leader>
  <controlfield tag="001">6422</controlfield>
  <controlfield tag="003">IT-RoPAU</controlfield>
  <controlfield tag="005">20220918181238.0</controlfield>
  <controlfield tag="007">d cvaizq</controlfield>
  <controlfield tag="008">50131s9999||||xx ||| |     ||   ||und||</controlfield>
  <datafield tag="040" ind1=" " ind2=" ">
    <subfield code="a">IT-RoPAU</subfield>
    <subfield code="c">IT-RoPAU</subfield>
  </datafield>
  <datafield tag="041" ind1=" " ind2=" ">
    <subfield code="a">ITALIANO</subfield>
  </datafield>
  <datafield tag="100" ind1=" " ind2=" ">
    <subfield code="a">Bunuel Luis</subfield>
    <subfield code="g">Codice regista SPICS: 8694</subfield>
    <subfield code="9">36748</subfield>
  </datafield>
  <datafield tag="130" ind1=" " ind2=" ">
    <subfield code="a">BELLA DI GIORNO</subfield>
    <subfield code="9">43922</subfield>
  </datafield>
  <datafield tag="240" ind1=" " ind2=" ">
    <subfield code="a">BELLE DE JOUR</subfield>
    <subfield code="g">T1754</subfield>
  </datafield>
  <datafield tag="245" ind1=" " ind2=" ">
    <subfield code="a">BELLA DI GIORNO</subfield>
    <subfield code="c">Prodotto da: Hakim Robert E Raymo -- Sceneggiatura: Bunuel Luis Carriere Jean-Claude -- Diretto da: Bunuel Luis</subfield>
    <subfield code="p">BELLA DI GIORNO (Rif. Codice opera principale : H6422)</subfield>
  </datafield>
  <datafield tag="246" ind1=" " ind2=" ">
    <subfield code="a">BELLE DE JOUR</subfield>
  </datafield>
  <datafield tag="250" ind1=" " ind2=" ">
    <subfield code="a">Edizione Standard</subfield>
  </datafield>
  <datafield tag="260" ind1=" " ind2=" ">
    <subfield code="a">PARIGI - ROMA (FRANCIA - ITALIA)</subfield>
    <subfield code="b">PARIS FILM - FIVE FILM / Distribuzione: CIAK</subfield>
    <subfield code="g">"1967 (1&#xB0; ed.: 2006 ; Ed. Lingua Orig.: 1967)"</subfield>
  </datafield>
  <datafield tag="300" ind1=" " ind2=" ">
    <subfield code="a">DVD</subfield>
    <subfield code="b">sonoro, col.</subfield>
    <subfield code="c">100 minuti</subfield>
  </datafield>
  <datafield tag="508" ind1=" " ind2=" ">
    <subfield code="a">"Fotografia: Vierny Sacha; Montaggio: Taverna-Hautecoeur L; Musica: Longuet Rene; Sceneggiatura: Bunuel Luis Carriere Jean-Claude; Scenografia: Clavel Robert; "</subfield>
  </datafield>
  <datafield tag="511" ind1=" " ind2=" ">
    <subfield code="a">"Deneuve Catherine; Piccoli Michel; Sorel Jean; Page Genevieve; Clementi Pierre"</subfield>
  </datafield>
  <datafield tag="520" ind1=" " ind2=" ">
    <subfield code="a">"PIERRE E SEVERINE SONO UNA GIOVANE COPPIA, IN APPARENZA FELICE. MA, MENTREPIERRE E' MOLTO IMPEGNATO DALLA SUA PROFESSIONE DI CHIRURGO, SEVERINE DI GIORNO E' SOLA E INSODDISFATTA. UN VUOTO ESISTENZIALE CHE LA GIOVANE DONNA FINISCE PER COLMARE CREANDOSI UNA SECONDA VITA: IN UNA CASA D'APPUNTAMENTI. LE DUE VITE DI SEVERINE PROCEDONO PARALLELE FINO A QUANDO UN GIOVANE DELINQUENTE, INNAMORATOSI DI LEI, NON LE FARA' TRAGICAMENTE INCONTRARE. LEONE D'ORO ALLA MOSTRA DEL CINEMA DI VENEZIA 1967. CONTENUTI EXTRA: PILLOLE DI CINEMA; BIOGRAFIA DEL REGISTA; FILMOGRAFIA DEL REGISTA; BIOGRAFIA DEGLI INTERPRETI; NIVITA'."</subfield>
  </datafield>
  <datafield tag="538" ind1=" " ind2=" ">
    <subfield code="a">PAL, STEREO</subfield>
  </datafield>
  <datafield tag="546" ind1=" " ind2=" ">
    <subfield code="a">ITALIANO</subfield>
  </datafield>
  <datafield tag="650" ind1=" " ind2=" ">
    <subfield code="a">DRAMMATICO</subfield>
    <subfield code="e">DVD-FILM [DVD]</subfield>
    <subfield code="x">Codice MATERIA SPICS: 9947</subfield>
    <subfield code="9">43923</subfield>
  </datafield>
  <datafield tag="700" ind1=" " ind2=" ">
    <subfield code="a">Bunuel Luis </subfield>
    <subfield code="e">(regista)</subfield>
    <subfield code="g">Codice regista SPICS: 8694</subfield>
    <subfield code="9">36748</subfield>
  </datafield>
  <datafield tag="700" ind1=" " ind2=" ">
    <subfield code="a">Kessel Joseph </subfield>
    <subfield code="e">(soggetto)</subfield>
    <subfield code="g">Codice Soggetto SPICS: 58529</subfield>
    <subfield code="9">43924</subfield>
  </datafield>
  <datafield tag="700" ind1=" " ind2=" ">
    <subfield code="a">Longuet Rene</subfield>
    <subfield code="e">(musica)</subfield>
    <subfield code="g">Codice Musica SPICS: 58530</subfield>
    <subfield code="9">43925</subfield>
  </datafield>
  <datafield tag="942" ind1=" " ind2=" ">
    <subfield code="c">DV</subfield>
    <subfield code="2">ddc</subfield>
  </datafield>
  <datafield tag="999" ind1=" " ind2=" ">
    <subfield code="c">105890</subfield>
    <subfield code="d">105890</subfield>
  </datafield>
  <datafield tag="952" ind1=" " ind2=" ">
    <subfield code="0">0</subfield>
    <subfield code="1">0</subfield>
    <subfield code="4">0</subfield>
    <subfield code="6">H_6422_000000000000000</subfield>
    <subfield code="7">1</subfield>
    <subfield code="a">SPICS</subfield>
    <subfield code="b">SPICS</subfield>
    <subfield code="d">2015-01-31</subfield>
    <subfield code="l">0</subfield>
    <subfield code="o">H6422</subfield>
    <subfield code="r">2015-01-31 00:00:00</subfield>
    <subfield code="w">2015-01-31</subfield>
    <subfield code="y">DV</subfield>
    <subfield code="z">Progr. Ins.: 3439 / N.Vol.:1 / Copie: 1 / Pag.:0 / Copia rara: n.d. / date import: 1.2.2015 / By Epidotti, Trombetti, Vaglietti</subfield>
  </datafield>
</record>
